Great expectations

Bibliographic Details
Main Author: Dickens, Charles
Format: Book
Published: Selangor : Content Plus Sdn. Bhd. , 2009
Series:Fascinating illustrated classics ; series 1
Subjects:

MARC

LEADER 00000cam a2200000 7i4500
001 0000031909
005 20151222.0
008 120420
020 |a 9675154522 
090 0 0 |a FT   |b ENG 
100 1 |a Dickens, Charles 
245 1 0 |a Great expectations   |c Charles Dickens 
260 |a Selangor :   |b Content Plus Sdn. Bhd. ,   |c 2009 
440 |a Fascinating illustrated classics ; series 1 
500 |a Children ages 10-12 years old (pink) 
650 0 |a English fiction 
999 |a 0001141483   |b Book   |c Children Collection   |e Cawangan Urban Transformation Centre 
999 |a 0001141484   |b Book   |c Children Collection   |e Cawangan Urban Transformation Centre